000 00742nam a2200253Ia 4500
003 OSt
005 20220926014808.0
006 a|||||r|||| 00| 0
007 ta
008 220923b |||||||| |||| 00| 0 eng d
037 _cGeneral Book
040 _aRTL
_cRTL
_beng
041 _2eng
_aeng
082 _aX:533.5,h:g(X:51), K4
100 _aLiander Bertil
_9321104
245 0 _aMarketing development in the European economic com
260 _aNew York
_bMc-grew- Hill
_c1964
300 _a182p
_ccm.
490 _aMcGraw-Hill marketing science institute series
650 _a Free Trade
650 _aEconomics
942 _hX:533.5,h:g(X:51), K4
_cGB
_2CC
999 _c629815
_d629815